Normal view
MARC view
Entry Personal Name
001 - CONTROL NUMBER
- control field: 82500
003 - CONTROL NUMBER IDENTIFIER
- control field: dpl
005 - DATE AND TIME OF LATEST TRANSACTION
- control field: 20250702164139.0
008 - FIXED-LENGTH DATA ELEMENTS
- fixed length control field: 250702|| aca||aabn | a|a d
040 ## - CATALOGING SOURCE
- Original cataloging agency: dpl
- Transcribing agency: dpl
100 ## - HEADING--PERSONAL NAME
- Personal name: CS Arunkumar
670 ## - SOURCE DATA FOUND
- Source citation: Work cat.: (dpl)212029: CS Arunkumar, Aash's Little Findings About the Life/, 2024
